[Event "POL-chT 2nd League"]
[Site "Szczyrk"]
[Date "2014.09.11"]
[Round "6.97"]
[White "Gierulski, Kamil"]
[Black "Najbar, Marcin"]
[Result "1-0"]
[WhiteElo "2023"]
[BlackElo "2242"]
[PlyCount "57"]
[EventDate "2014.09.06"]
[EventType "team-swiss"]
[EventRounds "9"]
[EventCountry "POL"]
[SourceTitle "EXT 2015"]
[Source "ChessBase"]
[SourceDate "2014.11.20"]
[SourceVersion "1"]
[SourceVersionDate "2014.11.20"]
[SourceQuality "1"]
[WhiteTeam "Rzeszow RzKSz"]
[BlackTeam "Chroscice LZS Victoria"]
[WhiteTeamCountry "POL"]
[BlackTeamCountry "POL"]

1. d4 c5 2. d5 d6 3. e4 Nf6 4. Nc3 g6 5. Bb5+ Nbd7 6. a4 Bg7 7. g4 a6 8. Be2 h6 9. h3 Rb8 10. a5 b5 11. axb6 Qxb6 12. Nf3 g5 13. Nd2 Ne5 14. Nf1 Ng6 15. Ne3 Nh4 16. Kf1 Nd7 17. Ng2 Nxg2 18. Kxg2 Ne5 19. Qf1 0-0 20. h4 Nxg4 21. hxg5 hxg5 22. f3 Ne5 23. f4 gxf4 24. Qxf4 Rd8 25. Qh4 Kf8 26. Qh7 e6 27. Bg5 Bd7 28. Rab1 f5 29. Bh6 1-0

[Event "Warsaw AIG Life rapid 9th"]
[Site "Warsaw"]
[Date "2009.12.20"]
[Round "12"]
[White "Najbar, Marcin"]
[Black "Vovk, Andrey"]
[Result "1-0"]
[WhiteElo "2222"]
[BlackElo "2512"]
[PlyCount "77"]
[EventDate "2009.12.19"]
[EventType "swiss (rapid)"]
[EventRounds "13"]
[EventCountry "POL"]
[SourceTitle "CBM 133 Extra"]
[Source "ChessBase"]
[SourceDate "2010.01.05"]
[SourceVersion "1"]
[SourceVersionDate "2010.01.05"]
[SourceQuality "1"]

1. e4 c5 2. Nf3 e6 3. d4 cxd4 4. Nxd4 a6 5. Nc3 Qc7 6. Bd3 Nf6 7. 0-0 Nc6 8. Nxc6 bxc6 9. Kh1 d5 10. f4 Be7 11. e5 Nd7 12. Ne2 c5 13. c4 Bb7 14. Qe1 g6 15. Bd2 Qc6 16. Qg3 h5 17. cxd5 exd5 18. Qh3 h4 19. Rac1 Qb6 20. b3 g5 21. Bf5 Bc6 22. e6 fxe6 23. Bxe6 Nf6 24. fxg5 Ne4 25. Bf4 d4 26. g6 Bf6 27. Bf7+ Kf8 28. Bd6+ Kg7 29. Rxf6 Nxf6 30. Bxc5 Qb7 31. Bxd4 Rad8 32. Bxf6+ Kxf6 33. Qe6+ Kg5 34. Rxc6 Rd1+ 35. Ng1 Rxg1+ 36. Kxg1 Qa7+ 37. Kf1 Qd4 38. Qe7+ Kg4 39. Rc4 1-0

[Event "Warsaw AIG Life rapid 9th"]
[Site "Warsaw"]
[Date "2009.12.19"]
[Round "5"]
[White "Warakomski, Tomasz"]
[Black "Najbar, Marcin"]
[Result "1-0"]
[WhiteElo "2485"]
[BlackElo "2222"]
[PlyCount "75"]
[EventDate "2009.12.19"]
[EventType "swiss (rapid)"]
[EventRounds "13"]
[EventCountry "POL"]
[SourceTitle "CBM 133 Extra"]
[Source "ChessBase"]
[SourceDate "2010.01.05"]
[SourceVersion "1"]
[SourceVersionDate "2010.01.05"]
[SourceQuality "1"]

1. e4 c5 2. Nf3 e6 3. d3 Nc6 4. g3 g6 5. Bg2 Bg7 6. 0-0 Nge7 7. Re1 d5 8. e5 b6 9. h4 h6 10. Bf4 Bb7 11. c3 Qc7 12. Qe2 0-0-0 13. a4 Kb8 14. Na3 a6 15. Rab1 d4 16. Nc4 g5 17. hxg5 Ng6 18. Bd2 hxg5 19. Bxg5 Rd7 20. b4 dxc3 21. bxc5 bxc5 22. Rec1 Ka7 23. Rxc3 Rb8 24. Rcb3 Na5 25. Nxa5 Qxa5 26. d4 cxd4 27. Nxd4 Nxe5 28. Bf4 Bxg2 29. Rxb8 Rxd4 30. Kxg2 Qd5+ 31. f3 Nc4 32. Be3 Nxe3+ 33. Qxe3 Bf6 34. R8b2 Ka8 35. Qh6 Bd8 36. Qc1 Qd7 37. Rb8+ Ka7 38. Qc5+ 1-0

[Event "POL-chT 2nd League"]
[Site "Miedzyzdroje"]
[Date "2009.09.14"]
[Round "3"]
[White "Kuzmicz, Krystian"]
[Black "Najbar, Marcin"]
[Result "1-0"]
[WhiteElo "2415"]
[BlackElo "2225"]
[PlyCount "127"]
[EventDate "2009.09.12"]
[EventType "team-swiss"]
[EventRounds "9"]
[EventCountry "POL"]
[SourceTitle "EXT 2019"]
[Source "ChessBase"]
[SourceDate "2018.10.10"]
[SourceVersion "1"]
[SourceVersionDate "2018.10.10"]
[SourceQuality "1"]
[WhiteTeam "Pultusk Nadnarwianka"]
[BlackTeam "Chroscice LZS Victoria"]
[WhiteTeamCountry "POL"]
[BlackTeamCountry "POL"]

1. g3 c5 2. Bg2 Nc6 3. e4 g6 4. f4 Bg7 5. Nf3 e6 6. 0-0 Nge7 7. c3 d6 8. d3 0-0 9. Be3 b6 10. Na3 Bb7 11. Nc2 Qd7 12. Bf2 Kh8 13. Re1 Rae8 14. d4 cxd4 15. Ncxd4 Nxd4 16. Bxd4 f6 17. c4 e5 18. Bf2 Qc7 19. Rc1 Bh6 20. Qd2 f5 21. Ng5 Bxg5 22. fxg5 Bxe4 23. Bxe4 fxe4 24. Rxe4 Rf3 25. b4 Ref8 26. Re2 Qd7 27. Rd1 Qf5 28. Qb2 Rd3 29. Rxd3 Qxd3 30. c5 Nc6 31. Rd2 Qe4 32. Re2 Qd3 33. Rd2 Qf5 34. Rxd6 Nd4 35. Rf6 Rxf6 36. gxf6 Nf3+ 37. Kg2 Qxf6 38. cxb6 axb6 39. Qc3 Ng5 40. Qc8+ Kg7 41. Qb7+ Kg8 42. h4 Ne6 43. Qxb6 Qf5 44. Qb8+ Kg7 45. Qb7+ Kg8 46. Qd5 Kg7 47. b5 g5 48. hxg5 Nxg5 49. b6 Qh3+ 50. Kg1 Qf5 51. b7 Nh3+ 52. Kg2 Qxf2+ 53. Kxh3 Qf1+ 54. Qg2 Qb1 55. Qf3 e4 56. Qg4+ Kf6 57. Qf4+ Kg6 58. Qd6+ Kg5 59. Qd5+ Kg6 60. Kg4 Qc2 61. Qg5+ Kf7 62. Qf5+ Kg7 63. b8Q Qe2+ 64. Kh3 1-0

[Event "Warsaw AIG Life rapid 8th"]
[Site "Warsaw"]
[Date "2008.12.20"]
[Round "3"]
[White "Najbar, Marcin"]
[Black "Akesson, Ralf"]
[Result "0-1"]
[WhiteElo "2225"]
[BlackElo "2484"]
[PlyCount "90"]
[EventDate "2008.12.20"]
[EventType "swiss (rapid)"]
[EventRounds "13"]
[EventCountry "POL"]
[SourceTitle "CBM 127 Extra"]
[Source "ChessBase"]
[SourceDate "2009.01.08"]
[SourceVersion "2"]
[SourceVersionDate "2009.01.28"]
[SourceQuality "1"]

1. e4 c5 2. Nf3 e6 3. d4 cxd4 4. Nxd4 a6 5. Nc3 b5 6. Bd3 Bb7 7. 0-0 Nc6 8. Nxc6 Bxc6 9. Kh1 b4 10. Nb1 Qc7 11. Nd2 Nf6 12. Qe2 Qb7 13. f3 Be7 14. Nc4 a5 15. Bf4 0-0 16. Bd6 Bxd6 17. Nxd6 Qc7 18. e5 Ne8 19. Rad1 Nxd6 20. exd6 Qb6 21. Rfe1 a4 22. Qd2 Ra5 23. a3 bxa3 24. bxa3 Rb8 25. h3 Qc5 26. Rb1 Raa8 27. Rb4 g6 28. Be4 Bxe4 29. Rexe4 Rb6 30. Rec4 Qxd6 31. Rd4 Qc5 32. Rxb6 Qxb6 33. Rxd7 Rf8 34. c4 Qc6 35. Qd4 e5 36. Qd5 Qf6 37. Ra7 Rb8 38. Ra8 Rxa8 39. Qxa8+ Kg7 40. Qxa4 e4 41. Qd1 e3 42. Qe2 Qc3 43. Kg1 Qc1+ 44. Qf1 Qd2 45. Qa1+ f6 0-1

[Event "POL-chT 2nd League"]
[Site "Ustron"]
[Date "2008.09.10"]
[Round "4.15"]
[White "Jaroch, Pawel"]
[Black "Najbar, Marcin"]
[Result "1/2-1/2"]
[WhiteElo "2255"]
[BlackElo "2230"]
[PlyCount "75"]
[EventDate "2008.09.06"]
[EventType "team-swiss"]
[EventRounds "9"]
[EventCountry "POL"]
[SourceTitle "EXT 2015"]
[Source "ChessBase"]
[SourceDate "2014.11.20"]
[SourceVersion "1"]
[SourceVersionDate "2014.11.20"]
[SourceQuality "1"]
[WhiteTeam "Bydgoszcz Centrum"]
[BlackTeam "Chroscice LZS Victoria"]
[WhiteTeamCountry "POL"]
[BlackTeamCountry "POL"]

1. d4 c5 2. dxc5 e6 3. Nc3 Nf6 4. e4 Qa5 5. Bd3 Bxc5 6. Nf3 Nc6 7. 0-0 Qc7 8. Qe2 Ng4 9. g3 a6 10. Kg2 0-0 11. Bf4 Nge5 12. Nd5 Qb8 13. b4 Ba7 14. Nxe5 Nxe5 15. Ne7+ Kh8 16. Qh5 d6 17. Nxc8 Qxc8 18. Bxe5 dxe5 19. Qxe5 Rd8 20. Qh5 g6 21. Qf3 Kg8 22. h4 Bd4 23. Rab1 Qc7 24. h5 a5 25. hxg6 hxg6 26. a3 axb4 27. axb4 Kg7 28. Rh1 Rh8 29. Rxh8 Rxh8 30. Rd1 Qc3 31. b5 b6 32. Be2 Qxf3+ 33. Bxf3 Bc5 34. Rd7 Ra8 35. Be2 Ra1 36. Bc4 Kf8 37. f4 Rc1 38. Bd3 1/2-1/2

[Event "POL-chT 2nd League"]
[Site "Ustron"]
[Date "2008.09.08"]
[Round "3.3"]
[White "Najbar, Marcin"]
[Black "Budrewicz, Krzysztof"]
[Result "1/2-1/2"]
[WhiteElo "2230"]
[BlackElo "2333"]
[PlyCount "139"]
[EventDate "2008.09.06"]
[EventType "team-swiss"]
[EventRounds "9"]
[EventCountry "POL"]
[SourceTitle "EXT 2015"]
[Source "ChessBase"]
[SourceDate "2014.11.20"]
[SourceVersion "1"]
[SourceVersionDate "2014.11.20"]
[SourceQuality "1"]
[WhiteTeam "Chroscice LZS Victoria"]
[BlackTeam "Ostroda Ostrodzianka"]
[WhiteTeamCountry "POL"]
[BlackTeamCountry "POL"]

1. e4 d5 2. exd5 Nf6 3. d4 Nxd5 4. Nf3 g6 5. Be2 Bg7 6. 0-0 0-0 7. c4 Nb6 8. Nc3 Nc6 9. c5 Nd5 10. Bc4 Be6 11. Bb3 h6 12. Re1 Kh7 13. Ne4 Qd7 14. h3 Rad8 15. a3 f6 16. Ng3 Bf7 17. Bc2 Kg8 18. Qe2 Rfe8 19. Qf1 a6 20. Bd2 Qc8 21. Rad1 b6 22. cxb6 cxb6 23. Rc1 Qb7 24. Bd3 b5 25. Ne4 Qb6 26. Nc5 Nb8 27. h4 e6 28. Bb1 Nd7 29. Re2 Qa7 30. Qe1 Nxc5 31. dxc5 e5 32. b4 Ne7 33. Be3 Nd5 34. Bd2 Bf8 35. Rd1 a5 36. Re4 axb4 37. axb4 Bg7 38. Bd3 Qb7 39. Qf1 Nc7 40. Bc3 Nd5 41. Bb2 f5 42. Ree1 e4 43. Bxg7 exd3 44. Bxh6 Nxb4 45. Rxe8+ Bxe8 46. Qe1 Nc6 47. Rxd3 Bf7 48. Rxd8+ Nxd8 49. Qe5 Ne6 50. Nd4 Qe4 51. Qb8+ Kh7 52. Nxe6 Bxe6 53. Be3 Bd5 54. Qc7+ Kg8 55. Qd8+ Kf7 56. Qc7+ Kg8 57. Qg3 Kf7 58. Bg5 b4 59. f3 Qd4+ 60. Kh2 b3 61. Qc7+ Kg8 62. Qd8+ Kg7 63. Qd7+ Kg8 64. Qd8+ Kg7 65. c6 Qe5+ 66. f4 Qe4 67. Qd7+ Kg8 68. Qd8+ Kg7 69. Qd7+ Kg8 70. Qd8+ 1/2-1/2

[Event "Krakow op-A"]
[Site "Krakow "]
[Date "2003.12.31"]
[Round "6"]
[White "Tverdohlebov, Viktor"]
[Black "Najbar, Marcin"]
[Result "1/2-1/2"]
[WhiteElo "2382"]
[BlackElo "2235"]
[PlyCount "85"]
[EventDate "2003.12.27"]
[EventType "swiss"]
[EventRounds "9"]
[EventCountry "POL"]
[SourceTitle "EXT 2006"]
[Source "ChessBase"]
[SourceDate "2005.11.24"]
[SourceVersion "1"]
[SourceVersionDate "2005.11.24"]
[SourceQuality "1"]

1. d4 c5 2. d5 Nf6 3. Nc3 d6 4. e4 g6 5. Nf3 Bg7 6. Be2 0-0 7. 0-0 Na6 8. Re1 Nc7 9. h3 a6 10. a4 e5 11. Bg5 h6 12. Bh4 Rb8 13. a5 b5 14. axb6 Rxb6 15. Ra2 Nb5 16. Nd2 Qc7 17. Ncb1 Rb8 18. c3 Nh7 19. Nc4 f5 20. exf5 gxf5 21. f4 e4 22. Nbd2 Bb7 23. Ne3 Kh8 24. Ndf1 Qf7 25. Ng3 Bc8 26. Bh5 Qg8 27. Bg6 Bf6 28. Bxh7 Kxh7 29. Qh5 Qg6 30. Qxg6+ Kxg6 31. Bxf6 Rxf6 32. Kf2 Nc7 33. Ngf1 Bd7 34. Nd2 Bb5 35. g4 Bd7 36. Kg3 Kh7 37. h4 Rg6 38. h5 Rxg4+ 39. Nxg4 Rg8 40. Nc4 Rxg4+ 41. Kh2 Rh4+ 42. Kg3 Rg4+ 43. Kh2 1/2-1/2

[Event "POL-chT2 South"]
[Site "Ustron"]
[Date "2001.09.??"]
[Round "?"]
[White "Zeberski, Jakub"]
[Black "Najbar, Marcin"]
[Result "1-0"]
[WhiteElo "2268"]
[BlackElo "2265"]
[PlyCount "121"]
[EventDate "2001.09.14"]
[EventType "team-swiss"]
[EventRounds "10"]
[EventCountry "POL"]
[SourceTitle "EXT 2019"]
[Source "ChessBase"]
[SourceDate "2018.10.10"]
[SourceVersion "1"]
[SourceVersionDate "2018.10.10"]
[SourceQuality "1"]

1. e4 c5 2. Nf3 Nc6 3. Bb5 g6 4. Bxc6 bxc6 5. 0-0 Bg7 6. Re1 f6 7. d4 cxd4 8. Nxd4 Nh6 9. Bxh6 Bxh6 10. Nf5 Bf4 11. Ne3 0-0 12. c4 Qb6 13. Qd2 Rb8 14. b3 d5 15. exd5 cxd5 16. Qxd5+ e6 17. Qd2 Rd8 18. Qc2 Bb7 19. Nc3 Qc6 20. Rad1 Kf7 21. Nb5 Qc5 22. Qe2 Qe5 23. h3 a6 24. Na3 Qe4 25. Nb1 Bc7 26. Nd2 Qc6 27. Nf3 h5 28. Nf1 Ba5 29. Rxd8 Rxd8 30. Rd1 Rh8 31. h4 Bb4 32. Ne3 Bc5 33. Nc2 Rc8 34. Re1 Rd8 35. b4 Bf8 36. c5 Qd5 37. a3 e5 38. Ne3 Qb3 39. Qc4+ Qxc4 40. Nxc4 Rd5 41. Rc1 e4 42. Nfd2 f5 43. Nb3 Bh6 44. Rb1 Bc6 45. Nba5 Ba4 46. c6 Bf4 47. Nb6 Rxa5 48. bxa5 Bxc6 49. g3 Be5 50. Nc4 Bd4 51. Rd1 Bg7 52. Rd8 Bf6 53. Rc8 Bd5 54. Ne3 Ba2 55. Rc6 f4 56. gxf4 Bxh4 57. Rxa6 g5 58. fxg5 Bxg5 59. Rc6 Bf4 60. a6 Bb8 61. Rc8 1-0